| 000 | 00858cam a2200289 a 4500 | ||
|---|---|---|---|
| 001 | 2317840 | ||
| 003 | ARRUPE | ||
| 005 | 20150221020007.0 | ||
| 008 | 820330s1980 enk b 001 0 eng | ||
| 010 | _a 81106061 | ||
| 015 | _aGB*** | ||
| 020 |
_a0713163232 : _c£9.50 |
||
| 020 | _a0713163240 (pbk.) | ||
| 040 |
_aDLC _cDLC _dDLC |
||
| 050 | 0 | 0 |
_aD16.2 _b.H127 |
| 100 | 1 |
_aHaddock, B. A. _94068 |
|
| 245 | 1 | 3 |
_aAn introduction to historical thought / _cB.A. Haddock. |
| 260 |
_aLondon : _bE. Arnold, _c1980. |
||
| 300 |
_a184 p. ; _c23 cm. |
||
| 500 | _aIncludes index. | ||
| 504 | _aBibliography: p. 175-181. | ||
| 650 | 0 |
_aHistory _xPhilosophy _xHistory. _94069 |
|
| 650 | 0 |
_aHistory _xResearch _xHistory. _94070 |
|
| 650 | 0 |
_aHistoriography _xHistory. _94071 |
|
| 906 |
_a7 _bcbc _corignew _d4 _encip _f19 _gy-gencatlg |
||
| 942 |
_2lcc _cMONOGRAPH _01 |
||
| 999 |
_c118742 _d118742 |
||